00963nam a2200217Ia 4500003000400000005001700004008004100021040002100062041000800083082002100091100003500112245025700147260008700404300002800491504002800519650004600547700003600593700004900629700003500678700003200713OSt20200508120952.0191128s2009 ck gr 000 0dspa d aCO-JMCRcCO-JMCR0 aspa04a307.12 / bP784o1 aPombo Cajiao, Rodrigo, eautor10aOrdenamiento, organización y gobierno territorial en Colombia : bvisión desde la glocalización y el protonacionalismo /cRodrigo Pombo Cajiao, David Buitrago Caicedo, María del Pilar Medina Sánchez, Alejandro Henao Mesa, Felipe Osorio Vieira aBogotá : bKonrad Adenauer Stiftung : Corporación Pensamiento siglo XXI,c2009 a47 páginas ; c32 cm. aIncluye bibliografía.14aOrdenamiento territorial xGobierno local1 aDavid Buitrago Caicedo, eautor1 aMaría del Pilar Medina Sánchez, eautora1 aAlejandro Henao Mesa, eautora1 aFelipe Osorio Vieiraeautor